000 00570nam a2200169 i 4500
001 21085
003 ES-MaACL
005 20230906152420.0
007 t|
008 021121s1933 sp ||||1| spa d
100 1 _aAcuña Camacho, Juan José.
_918343
245 1 0 _aLegislación de Hacienda
_b: (oposiciones al Cuerpo Pericial de Contabilidad del Estado) /
_cpor Juan José Acuña Camacho y Mariano Bribón Ruiz.
260 _aMadrid :
_bReus,
_c1933.
300 _a471 p. ;
_c23 cm.
700 1 _aBribón Ruíz, Mariano.
_931677
852 _aES-MaACL
_jA-1794
_bR.12743
999 _c21085
_d21085